مكتبة جامعة عجلون الوطنية

فهرس بحث المكتبة

Normal view MARC view
  • Preparation AL-Khashashneh, Suha, Aisha AL -Subeh, Tamara Shraideh, P Supervisor Mahmoud AL Sobh, Co Supervisor Samer AL-Zoubi

Entry Personal Name

Number of records used in: 1

001 - CONTROL NUMBER

  • control field: 5792

003 - CONTROL NUMBER IDENTIFIER

  • control field: JO-AjAnu

005 - DATE AND TIME OF LATEST TRANSACTION

  • control field: 20230606071236.0

008 - FIXED-LENGTH DATA ELEMENTS

  • fixed length control field: 230606|| aca||aabn | a|a d

040 ## - CATALOGING SOURCE

  • Original cataloging agency: JO-AjAnu
  • Transcribing agency: JO-AjAnu

100 ## - HEADING--PERSONAL NAME

  • Personal name: Preparation AL-Khashashneh, Suha, Aisha AL -Subeh, Tamara Shraideh, P Supervisor Mahmoud AL Sobh, Co Supervisor Samer AL-Zoubi

670 ## - SOURCE DATA FOUND

  • Source citation: Work cat.: (JO-AjAnu)3002: Preparation AL-Khashashneh, Suha, Aisha AL -Subeh, Tamara Shraideh, P Supervisor Mahmoud AL Sobh, Co Supervisor Samer AL-Zoubi, author, The Effect of Word Pesentation Modes On EFL Vocabulary Learning